Planning Act 2008 (Record no. 109039)
[ view plain ]
| 000 -LEADER | |
|---|---|
| fixed length control field | 02059cad a22002415a 4500 |
| 001 - CONTROL NUMBER | |
| control field | L146066 |
| 008 - FIXED-LENGTH DATA ELEMENTS--GENERAL INFORMATION | |
| fixed length control field | 081205s2008 xxk f l 000 0 eng d |
| 035 ## - SYSTEM CONTROL NUMBER | |
| System control number | (Sirsi) u146066 |
| 041 0# - LANGUAGE CODE | |
| Language code of text/sound track or separate title | eng |
| 050 04 - LIBRARY OF CONGRESS CALL NUMBER | |
| Classification number | 711.1 $2 18 |
| 110 2# - MAIN ENTRY--CORPORATE NAME | |
| Corporate name or jurisdiction name as entry element | United Kingdom |
| Form subheading | Laws, etc. |
| 9 (RLIN) | 5044 |
| 245 00 - TITLE STATEMENT | |
| Title | Planning Act 2008 |
| Medium | [electronic resource] |
| 260 ## - PUBLICATION, DISTRIBUTION, ETC. | |
| Place of publication, distribution, etc. | London |
| Name of publisher, distributor, etc. | OPSI |
| Date of publication, distribution, etc. | 2008 |
| 505 2# - FORMATTED CONTENTS NOTE | |
| Formatted contents note | The Infrastructure Planning Commission -- National policy statements -- Nationally significant infrastructure projects -- Requirement for development consent -- Applications for orders granting development consent -- Applications -- Pre-application procedure -- Assistance for applicants and others -- Deciding applications for orders granting development consent -- Handling of application by commission -- The panel procedure -- The single-commissioner procedure -- Examinations of applications under Chapter 2 or 3 -- Decisions on applications -- Suspension of decision-making process -- Intervention of secretary of state -- Grant or refusal -- Legal challenges -- Correction of errors -- Orders granting development consent -- Content of orders -- Changes to, and revocation of, orders -- General -- Enforcement -- Changes to existing planning regimes -- Changes related to development consent regime -- Other changes to existing planning regimes -- Wales -- Community Infrastructure Levy -- Final provisions |
| 520 ## - SUMMARY, ETC. | |
| Summary, etc. | The Planning Act 2008 establishes the Infrastructure Planning Commission, makes provision for infrastructure development projects of national significance, allows for the imposition of the Community Infrastructure Levy (CIL) and introduces other provisions in relation to town and country planning. Also introduces changes to and revocations of, various other orders. |
| 521 ## - TARGET AUDIENCE NOTE | |
| Target audience note | Advanced |
| 590 ## - LOCAL NOTE (RLIN) | |
| Local note | KA NTK |
| 650 24 - SUBJECT ADDED ENTRY--TOPICAL TERM | |
| Topical term or geographic name entry element | PLANNING ACT 2008 |
| 651 #4 - SUBJECT ADDED ENTRY--GEOGRAPHIC NAME | |
| Geographic name | United Kingdom |
| Chronological subdivision | |
| 690 ## - LOCAL SUBJECT ADDED ENTRY--TOPICAL TERM (OCLC, RLIN) | |
| Topical term or geographic name as entry element | Planning and development |
| 9 (RLIN) | 6259 |
| 856 40 - ELECTRONIC LOCATION AND ACCESS | |
| Uniform Resource Identifier | <a href="https://www.opsi.gov.uk/acts/acts2008a">https://www.opsi.gov.uk/acts/acts2008a</a> |
| Public note | View the item free of charge online at www.opsi.gov.uk... |
| 942 ## - ADDED ENTRY ELEMENTS (KOHA) | |
| Suppress in OPAC | 0 |
| Withdrawn status | Lost status | Source of classification or shelving scheme | Damaged status | Not for loan | Home library | Current library | Shelving location | Date acquired | Total Checkouts | Full call number | Barcode | Date last seen | Copy number | Price effective from | Koha item type |
|---|---|---|---|---|---|---|---|---|---|---|---|---|---|---|---|
| Dewey Decimal Classification | Virtual | Virtual | Online | 05/12/2008 | ONLINE PUBLICATION | 146066-1001 | 06/08/2019 | 1 | 06/08/2019 | Book |